Chuyển đến nội dung
Inicio
Centros participantes
Catálogo
Servicios
Contacto
Đăng nhập
English
Deutsch
Español
Français
Italiano
日本語
Nederlands
Português
Português (Brasil)
中文(简体)
中文(繁體)
Türkçe
עברית
Gaeilge
Cymraeg
Ελληνικά
Català
Euskara
Русский
Čeština
Suomi
Svenska
polski
Dansk
slovenščina
اللغة العربية
বাংলা
Galego
Tiếng Việt
Hrvatski
हिंदी
Հայերէն
Українська
Sámegiella
Ngôn ngữ
Tất cả các trường
Tiêu đề
Tác giả
Chủ đề
Số hiệu
số ISBN/ISSN
Nhãn
Tìm kiếm
Nâng cao
El Poder y la subordinación: a...
Trích dẫn điều này
Email này
In
Xuất bản ghi
Xuất tới RefWorks
Xuất tới EndNoteWeb
Xuất tới EndNote
Lưu vào danh sách
Liên kết dài hạn
Agregar primera valuación
El Poder y la subordinación: acerca del origen rural del poder y la subordinación en Chile
Đã lưu trong:
Chi tiết về thư mục
Tác giả chính:
Bengoa Cabello, José
Định dạng:
Texto
Được phát hành:
Santiago:
Sur
Các nhãn:
Thêm thẻ
Không có thẻ, Là người đầu tiên thẻ bản ghi này!
Đang giữ
Miêu tả
Những bình luận
Những quyển sách tương tự
Chế độ xem nhân viên
MARC
LEADER
00000 a a2200000 04500
001
23682
003
040
090
|a
164100
100
|a
Bengoa Cabello, José
245
|a
El Poder y la subordinación: acerca del origen rural del poder y la subordinación en Chile
260
|a
Santiago:
|b
Sur
300
|a
297 p; t. 1
|b
il.
999
|c
11397
|d
11397
Những quyển sách tương tự
Subordinaciones (Poemas)
Bằng: Pellicer, Carlos
Được phát hành: (1949)
Profesionalización y subordinación al poder civil de las fuerzas armadas en Nicaragua /
Bằng: Guzmán, Luis Humberto
Evolución del Mercado Común Centroamericano y desarrollo equilibrado
Bằng: Delgado, Enrique
Teoría del desarrollo capitalista
Bằng: Sweezy, Paul M
Relaciones de subordinación: Estados Unidos, regímenes militares y reformismo (1940-1970) /
Bằng: Turcios, Roberto
Được phát hành: (2008)